Statistics for Adjectives and their comperatives.

Click here to take the quiz!

General Stats

  • This quiz has been taken 21 times
  • The average score is 13 of 15

Answer Stats

HintAnswer% Correct
bigbigger
100%
easyeasier
94%
funnyfunnier
94%
goodbetter
89%
fastfaster
89%
happyhappier
89%
slowslower
89%
talltaller
89%
beautifulmore beautiful
83%
boringmore boring
83%
dangerousmore dangerous
83%
difficultmore difficult
83%
stupidmore stupid
83%
badworse
78%
farfurther
67%

Score Distribution

Percentile by Number Answered

Percent of People with Each Score

Your Score History

You have not taken this quiz